Diffusing demands (Record no. 73823)
[ view plain ]
| 000 -LEADER | |
|---|---|
| fixed length control field | 01003cam a2200205 4500 |
| 001 - CONTROL NUMBER | |
| control field | ABS67250 |
| 008 - FIXED-LENGTH DATA ELEMENTS--GENERAL INFORMATION | |
| fixed length control field | 031121n2003 000 0 eng u |
| 035 ## - SYSTEM CONTROL NUMBER | |
| System control number | (Sirsi) u124398 |
| 100 ## - MAIN ENTRY--PERSONAL NAME | |
| Personal name | Sparks, A. |
| 245 ## - TITLE STATEMENT | |
| Title | Diffusing demands |
| 260 ## - PUBLICATION, DISTRIBUTION, ETC. | |
| Date of publication, distribution, etc. | 2003 |
| 490 ## - SERIES STATEMENT | |
| Series statement | New Civil Engineer |
| Volume/sequential designation | Water Supplement 16 October 2003, 21(1) |
| 520 ## - SUMMARY, ETC. | |
| Summary, etc. | Looks at the problems of diffuse water pollution, its causes, and ways of minimising the problem. A key concern of the Water Framework Directive (Directive 2000/60/EC) is water quality. From 2012 it will cover many sources of water pollution, and these will include run off from drains and agricultural land. The article examines sustainable drainage systems. Whilst these are useful in reducing run-off peaks, they are also helpful in dealing with diffuse pollution. |
| 590 ## - LOCAL NOTE (RLIN) | |
| Local note | ABS |
| 650 ## - SUBJECT ADDED ENTRY--TOPICAL TERM | |
| Topical term or geographic name entry element | WATER POLLUTION |
| 650 ## - SUBJECT ADDED ENTRY--TOPICAL TERM | |
| Topical term or geographic name entry element | DIRECTIVE 2000/60/EC |
| 650 ## - SUBJECT ADDED ENTRY--TOPICAL TERM | |
| Topical term or geographic name entry element | SUSTAINABLE URBAN DRAINAGE SYSTEMS |
| 690 ## - LOCAL SUBJECT ADDED ENTRY--TOPICAL TERM (OCLC, RLIN) | |
| Topical term or geographic name as entry element | ENVIRONMENT-CONTAMINATION |
| 942 ## - ADDED ENTRY ELEMENTS (KOHA) | |
| Suppress in OPAC | 0 |
| Withdrawn status | Lost status | Source of classification or shelving scheme | Damaged status | Not for loan | Home library | Current library | Shelving location | Date acquired | Total Checkouts | Full call number | Barcode | Date last seen | Copy number | Price effective from | Koha item type |
|---|---|---|---|---|---|---|---|---|---|---|---|---|---|---|---|
| Dewey Decimal Classification | London | London | Journal article | 21/11/2003 | ABS67250 | 124398-1001 | 06/08/2019 | 1 | 06/08/2019 | Journal article |